[Event "DVM U20 2023"]
[Site "Magdeburg GER"]
[Date "2023.12.28"]
[Round "3"]
[White "Klaas, Heiko"]
[Black "Kvantaliani, Saba"]
[Result "1-0"]
[Termination "normal"]
[Board "1.6"]
[WhiteElo "1878"]
[BlackElo "1963"]
[WhiteClock "00:00:50"]
[BlackClock "00:57:32"]
[WhiteTeam "Hamburger SK 1830"]
[BlackTeam "SK Münster 32"]
[PlyCount "78"]
[WhiteFideId "16215940"]
[BlackFideId "16284364"]
[EventCountry "GER"]
[EventRounds "7"]
[EventType "team-swiss"]
[EventDate "2023.12.26"]

1. e4 {[%clk 01:30:53]} {[%emt 00:00:07]} c5 {[%clk 01:30:48]} {[%emt
00:00:12]} 2. Nc3 {[%clk 01:31:12]} {[%emt 00:00:11]} Nc6 {[%clk 01:31:00]}
{[%emt 00:00:18]} 3. Nf3 {[%clk 01:31:32]} {[%emt 00:00:10]} e5 {[%clk
01:30:14]} {[%emt 00:01:17]} 4. Bc4 {[%clk 01:31:46]} {[%emt 00:00:16]} d6
{[%clk 01:30:13]} {[%emt 00:00:30]} 5. d3 {[%clk 01:32:05]} {[%emt 00:00:11]}
Nf6 {[%clk 01:30:05]} {[%emt 00:00:38]} 6. Ng5 {[%clk 01:29:04]} {[%emt
00:03:31]} Bg4 {[%clk 01:29:52]} {[%emt 00:00:43]} 7. Bxf7+ {[%clk 01:25:14]}
{[%emt 00:04:20]} Kd7 {[%clk 01:28:25]} {[%emt 00:01:57]} 8. f3 {[%clk
01:20:23]} {[%emt 00:05:22]} h6 {[%clk 01:27:45]} {[%emt 00:01:10]} 9. fxg4
{[%clk 01:18:38]} {[%emt 00:02:14]} hxg5 {[%clk 01:28:00]} {[%emt 00:00:15]}
10. Bxg5 {[%clk 00:56:54]} {[%emt 00:22:14]} Be7 {[%clk 01:21:36]} {[%emt
00:06:54]} 11. Be3 {[%clk 00:53:57]} {[%emt 00:03:27]} Nd4 {[%clk 01:13:26]}
{[%emt 00:08:40]} 12. O-O {[%emt 00:37:22]} Nxc2 {[%emt 00:08:35]} 13. Qxc2
{[%clk 00:33:06]} {[%emt 00:00:03]} Rxh2 {[%emt 00:01:45]} 14. Qa4+ {[%clk
00:31:58]} {[%emt 00:00:08]} Kc7 {[%clk 00:50:23]} {[%emt 00:00:07]} 15. Be6
{[%clk 00:29:22]} {[%emt 00:03:06]} Qh8 {[%clk 00:48:44]} {[%emt 00:02:11]} 16.
Bg5 {[%clk 00:27:27]} {[%emt 00:02:25]} Rh1+ {[%clk 00:23:32]} {[%emt
00:25:42]} 17. Kf2 {[%clk 00:27:12]} {[%emt 00:00:44]} Rf8 {[%clk 00:23:59]}
{[%emt 00:00:04]} 18. Rxh1 {[%clk 00:20:35]} {[%emt 00:07:07]} Nxe4+ {[%clk
00:24:06]} {[%emt 00:00:23]} 19. Kg1 {[%clk 00:18:09]} {[%emt 00:02:56]} Nxc3
{[%clk 00:17:27]} {[%emt 00:07:09]} 20. bxc3 {[%clk 00:17:54]} Bxg5 {[%clk
00:17:49]} {[%emt 00:00:53]} 21. Rxh8 {[%clk 00:16:53]} Be3+ {[%clk 00:18:13]}
{[%emt 00:01:37]} 22. Kh2 {[%clk 00:17:14]} 1-0

[Event "DVM U20 2023"]
[Site "Magdeburg GER"]
[Date "2023.12.28"]
[Round "3"]
[White "Suvorov, Alexander"]
[Black "Burian, Simon"]
[Result "0-1"]
[Termination "normal"]
[Board "2.1"]
[WhiteTitle "FM"]
[WhiteElo "2334"]
[BlackElo "2154"]
[WhiteClock "00:18:09"]
[BlackClock "00:17:27"]
[WhiteTeam "SG Porz"]
[BlackTeam "SK König Plauen"]
[PlyCount "38"]
[WhiteFideId "12977063"]
[BlackFideId "12956902"]
[EventCountry "GER"]
[EventRounds "7"]
[EventType "team-swiss"]
[EventDate "2023.12.26"]

1. d4 {[%clk 01:30:57]} {[%emt 00:00:02]} Nf6 {[%clk 01:30:53]} {[%emt
00:00:08]} 2. Nf3 {[%clk 01:31:15]} {[%emt 00:00:12]} e6 {[%clk 01:30:30]}
{[%emt 00:00:54]} 3. Bf4 {[%clk 01:31:14]} {[%emt 00:00:30]} c5 {[%clk
01:30:06]} {[%emt 00:00:54]} 4. c3 {[%clk 01:31:01]} {[%emt 00:00:42]} b6
{[%clk 01:27:13]} {[%emt 00:03:23]} 5. e3 {[%clk 01:29:35]} {[%emt 00:01:56]}
Bb7 {[%clk 01:26:46]} {[%emt 00:00:57]} 6. Nbd2 {[%clk 01:29:16]} {[%emt
00:00:49]} Be7 {[%clk 01:25:30]} {[%emt 00:01:45]} 7. h3 {[%clk 01:27:20]}
{[%emt 00:02:27]} O-O {[%clk 01:23:26]} {[%emt 00:02:34]} 8. Bd3 {[%clk
01:26:00]} {[%emt 00:01:49]} d5 {[%clk 01:22:45]} {[%emt 00:01:11]} 9. O-O
{[%clk 01:24:58]} {[%emt 00:01:32]} Ne4 {[%clk 01:19:36]} {[%emt 00:03:39]} 10.
Qc2 {[%clk 01:23:12]} {[%emt 00:02:16]} f5 {[%clk 01:18:02]} {[%emt 00:02:05]}
11. Ne5 {[%clk 01:22:14]} {[%emt 00:01:26]} Nd7 {[%clk 01:15:46]} {[%emt
00:02:47]} 12. Nxd7 {[%clk 01:20:49]} {[%emt 00:01:55]} Qxd7 {[%clk 01:15:19]}
{[%emt 00:00:58]} 13. Nf3 {[%clk 01:20:33]} {[%emt 00:00:44]} c4 {[%clk
01:08:52]} {[%emt 00:06:58]} 14. Be2 {[%clk 01:12:35]} {[%emt 00:08:28]} b5
{[%clk 01:03:17]} {[%emt 00:06:04]} 15. Ne5 {[%clk 01:07:31]} {[%emt 00:05:35]}
Qd8 {[%clk 00:57:21]} {[%emt 00:06:26]} 16. f3 {[%clk 01:03:42]} {[%emt
00:04:19]} Nf6 {[%clk 00:55:49]} {[%emt 00:02:01]} 17. g4 {[%clk 00:56:33]}
{[%emt 00:07:40]} Nd7 {[%clk 00:51:43]} {[%emt 00:04:36]} 18. Bd1 {[%clk
00:48:58]} {[%emt 00:08:05]} Nxe5 {[%clk 00:44:48]} {[%emt 00:07:26]} 19. Bxe5
{[%clk 00:49:03]} {[%emt 00:00:25]} Bc6 {[%clk 00:37:55]} {[%emt 00:07:22]} 20.
Qg2 {[%clk 00:39:54]} {[%emt 00:09:39]} Bd6 {[%clk 00:35:00]} {[%emt 00:03:25]}
21. gxf5 {[%clk 00:35:07]} {[%emt 00:05:16]} Bxe5 {[%clk 00:35:22]} {[%emt
00:00:09]} 22. dxe5 {[%clk 00:35:34]} {[%emt 00:00:03]} Rxf5 {[%clk 00:34:04]}
{[%emt 00:01:47]} 23. f4 {[%clk 00:34:40]} {[%emt 00:01:23]} Bd7 {[%clk
00:29:54]} {[%emt 00:04:40]} 24. Bc2 {[%clk 00:28:40]} {[%emt 00:06:30]} Rf7
{[%clk 00:28:27]} {[%emt 00:01:56]} 25. a3 {[%clk 00:26:54]} {[%emt 00:02:17]}
Qb6 {[%clk 00:23:47]} {[%emt 00:05:10]} 26. Qd2 {[%clk 00:25:54]} {[%emt
00:01:29]} Raf8 {[%clk 00:22:09]} {[%emt 00:02:09]} 27. Kh2 {[%clk 00:23:52]}
{[%emt 00:02:31]} g5 {[%clk 00:18:02]} {[%emt 00:04:38]} 28. Rg1 {[%clk
00:23:13]} {[%emt 00:01:09]} Rg7 {[%clk 00:18:07]} {[%emt 00:00:26]} 29. Rg3
{[%clk 00:20:42]} {[%emt 00:03:00]} Rff7 {[%clk 00:16:16]} {[%emt 00:02:20]}
30. Rag1 {[%clk 00:17:42]} {[%emt 00:03:29]} gxf4 {[%clk 00:13:56]} {[%emt
00:02:52]} 31. exf4 {[%clk 00:14:25]} {[%emt 00:03:47]} Rxg3 {[%clk 00:13:40]}
{[%emt 00:00:47]} 32. Rxg3+ {[%clk 00:14:53]} {[%emt 00:00:02]} Kf8 {[%clk
00:13:36]} {[%emt 00:00:33]} 33. Qg2 {[%clk 00:10:08]} {[%emt 00:05:15]} Ke7
{[%clk 00:09:37]} {[%emt 00:04:29]} 34. Rg8 {[%clk 00:08:01]} {[%emt 00:02:37]}
Be8 {[%clk 00:08:40]} {[%emt 00:01:25]} 35. Qd2 {[%clk 00:06:26]} {[%emt
00:02:04]} a5 {[%clk 00:06:16]} {[%emt 00:02:57]} 36. Rh8 {[%clk 00:03:13]}
{[%emt 00:03:42]} b4 {[%clk 00:04:33]} {[%emt 00:02:13]} 37. axb4 {[%clk
00:03:30]} {[%emt 00:00:13]} axb4 {[%clk 00:04:58]} {[%emt 00:00:06]} 38. Bxh7
{[%clk 00:03:01]} {[%emt 00:00:58]} bxc3 {[%clk 00:04:56]} {[%emt 00:00:33]}
39. bxc3 {[%clk 00:03:16]} {[%emt 00:00:14]} Rg7 {[%clk 00:05:16]} {[%emt
00:00:10]} 40. Rg8 {[%clk 00:02:01]} {[%emt 00:01:45]} Qg1# {[%emt 00:00:05]}
0-1

[Event "DVM U20 2023"]
[Site "Magdeburg GER"]
[Date "2023.12.28"]
[Round "3"]
[White "Melestean, Timur"]
[Black "Suvorov, Luca"]
[Result "1/2-1/2"]
[Termination "normal"]
[Board "2.2"]
[BlackTitle "FM"]
[WhiteElo "1892"]
[BlackElo "2333"]
[WhiteClock "00:02:01"]
[BlackClock "00:05:16"]
[WhiteTeam "SK König Plauen"]
[BlackTeam "SG Porz"]
[PlyCount "80"]
[WhiteFideId "16280385"]
[BlackFideId "12977071"]
[EventCountry "GER"]
[EventRounds "7"]
[EventType "team-swiss"]
[EventDate "2023.12.26"]

1. d4 {[%clk 01:30:56]} {[%emt 00:00:03]} d5 {[%clk 01:29:50]} {[%emt
00:01:10]} 2. c4 {[%clk 01:31:19]} {[%emt 00:00:08]} e6 {[%clk 01:30:13]}
{[%emt 00:00:07]} 3. Nc3 {[%clk 01:31:44]} {[%emt 00:00:05]} a6 {[%clk
01:29:13]} {[%emt 00:01:30]} 4. cxd5 {[%clk 01:32:08]} {[%emt 00:00:05]} exd5
{[%clk 01:29:37]} {[%emt 00:00:06]} 5. Nf3 {[%clk 01:32:18]} {[%emt 00:00:22]}
Be7 {[%clk 01:26:55]} {[%emt 00:03:11]} 6. Bf4 {[%clk 01:30:44]} {[%emt
00:02:04]} Nf6 {[%clk 01:25:37]} {[%emt 00:01:48]} 7. e3 {[%clk 01:29:57]}
{[%emt 00:01:17]} Nh5 {[%clk 01:22:20]} {[%emt 00:03:47]} 8. Be5 {[%clk
01:28:11]} {[%emt 00:02:16]} O-O {[%clk 01:21:30]} {[%emt 00:01:19]} 9. h3
{[%clk 01:26:28]} {[%emt 00:02:14]} g6 {[%clk 01:21:15]} {[%emt 00:00:44]} 10.
Bd3 {[%clk 01:26:10]} {[%emt 00:00:49]} c6 {[%clk 01:15:59]} {[%emt 00:05:46]}
11. O-O {[%clk 01:26:27]} {[%emt 00:00:13]} Nd7 {[%clk 01:14:29]} {[%emt
00:01:59]} 12. Bh2 {[%clk 01:25:58]} {[%emt 00:01:00]} Ng7 {[%clk 01:11:45]}
{[%emt 00:03:14]} 13. Qc2 {[%clk 01:22:59]} {[%emt 00:03:30]} Nf6 {[%clk
01:10:21]} {[%emt 00:01:53]} 14. Rab1 {[%clk 01:21:52]} {[%emt 00:01:38]} Bd6
{[%clk 01:06:35]} {[%emt 00:04:16]} 15. Bxd6 {[%clk 01:17:54]} {[%emt
00:04:28]} Qxd6 {[%clk 01:07:01]} {[%emt 00:00:03]} 16. b4 {[%clk 01:15:01]}
{[%emt 00:03:24]} Bf5 {[%clk 01:03:06]} {[%emt 00:04:24]} 17. a4 {[%clk
01:12:54]} {[%emt 00:02:38]} Rfc8 {[%clk 00:52:48]} {[%emt 00:10:47]} 18. Ne5
{[%clk 01:07:55]} {[%emt 00:05:30]} Nd7 {[%clk 00:22:35]} {[%emt 00:30:43]} 19.
Nxd7 {[%clk 00:54:37]} {[%emt 00:13:48]} Qxd7 {[%clk 00:22:42]} {[%emt
00:00:23]} 20. Rfc1 {[%clk 00:53:27]} {[%emt 00:01:40]} Kh8 {[%clk 00:13:10]}
{[%emt 00:10:03]} 21. Bxf5 {[%clk 00:32:12]} {[%emt 00:21:45]} Nxf5 {[%clk
00:13:21]} {[%emt 00:00:19]} 22. b5 {[%clk 00:31:43]} {[%emt 00:00:58]} Nd6
{[%clk 00:06:39]} {[%emt 00:07:13]} 23. Qd3 {[%clk 00:28:20]} {[%emt 00:03:53]}
axb5 {[%clk 00:04:50]} {[%emt 00:02:19]} 24. axb5 {[%clk 00:28:36]} {[%emt
00:00:15]} Ra3 {[%clk 00:05:13]} {[%emt 00:00:07]} 25. Ra1 {[%clk 00:27:19]}
{[%emt 00:01:47]} Rxa1 {[%clk 00:03:07]} {[%emt 00:02:36]} 26. Rxa1 {[%clk
00:27:48]} {[%emt 00:00:01]} Nxb5 {[%clk 00:03:18]} {[%emt 00:00:18]} 27. Nxb5
{[%clk 00:28:07]} {[%emt 00:00:12]} cxb5 {[%clk 00:03:45]} {[%emt 00:00:04]}
28. e4 {[%clk 00:24:50]} {[%emt 00:03:46]} dxe4 {[%clk 00:00:57]} {[%emt
00:03:18]} 29. Qxe4 {[%clk 00:25:18]} {[%emt 00:00:02]} Re8 {[%clk 00:01:10]}
{[%emt 00:00:16]} 30. Qd3 {[%clk 00:23:02]} {[%emt 00:02:47]} Qd5 {[%clk
00:00:40]} {[%emt 00:01:00]} 31. Rb1 {[%clk 00:22:06]} {[%emt 00:01:25]} b4
{[%clk 00:01:02]} {[%emt 00:00:10]} 32. Qf3 {[%clk 00:21:24]} {[%emt 00:01:12]}
Qxf3 {[%clk 00:00:37]} {[%emt 00:00:54]} 33. gxf3 {[%clk 00:21:53]} {[%emt
00:00:01]} Rd8 {[%clk 00:00:40]} {[%emt 00:00:27]} 34. Rxb4 {[%clk 00:22:21]}
{[%emt 00:00:02]} Rd7 {[%clk 00:01:05]} {[%emt 00:00:05]} 35. Kf1 {[%clk
00:21:35]} {[%emt 00:01:16]} Kg7 {[%clk 00:01:33]} {[%emt 00:00:02]} 36. Rb6
{[%clk 00:21:51]} {[%emt 00:00:14]} Kh6 {[%clk 00:00:53]} {[%emt 00:01:11]} 37.
Rb5 {[%clk 00:22:08]} {[%emt 00:00:11]} f5 {[%clk 00:01:09]} {[%emt 00:00:15]}
38. Kg2 {[%clk 00:19:35]} {[%emt 00:03:04]} Kg5 {[%clk 00:01:29]} {[%emt
00:00:09]} 39. Kg3 {[%clk 00:16:24]} {[%emt 00:03:41]} Kf6 {[%clk 00:01:10]}
{[%emt 00:00:48]} 40. Rb6+ {[%clk 00:16:48]} {[%emt 00:00:06]} Ke7 {[%clk
00:00:36]} {[%emt 00:01:05]} 41. d5 {[%clk 00:16:43]} {[%emt 00:00:34]} Rxd5
{[%clk 00:09:46]} {[%emt 00:21:20]} 42. Rxb7+ {[%clk 00:46:59]} {[%emt
00:00:13]} 1/2-1/2

[Event "DVM U20 2023"]
[Site "Magdeburg GER"]
[Date "2023.12.28"]
[Round "3"]
[White "Gallasch, Jonas"]
[Black "Elstner, Florian"]
[Result "1-0"]
[Termination "normal"]
[Board "2.3"]
[WhiteTitle "FM"]
[WhiteElo "2304"]
[BlackElo "1815"]
[WhiteClock "00:46:59"]
[BlackClock "00:09:46"]
[WhiteTeam "SG Porz"]
[BlackTeam "SK König Plauen"]
[PlyCount "83"]
[WhiteFideId "16222474"]
[BlackFideId "16247264"]
[EventCountry "GER"]
[EventRounds "7"]
[EventType "team-swiss"]
[EventDate "2023.12.26"]

1. Nf3 {[%clk 01:30:59]} {[%emt 00:58:51]} d5 {[%clk 01:30:46]} {[%emt
00:00:14]} 2. d4 {[%clk 01:31:03]} {[%emt 00:00:26]} Nf6 {[%clk 01:31:08]}
{[%emt 00:00:07]} 3. c4 {[%clk 01:31:29]} {[%emt 00:00:05]} e6 {[%clk
01:31:33]} {[%emt 00:00:06]} 4. e3 {[%clk 01:31:48]} {[%emt 00:00:11]} c6
{[%clk 01:31:47]} {[%emt 00:00:15]} 5. b3 {[%clk 01:32:06]} {[%emt 00:00:12]}
Nbd7 {[%clk 01:31:11]} {[%emt 00:01:06]} 6. Bd3 {[%clk 01:32:30]} {[%emt
00:00:05]} Bd6 {[%clk 01:30:42]} {[%emt 00:01:00]} 7. Bb2 {[%clk 01:32:39]}
{[%emt 00:00:21]} O-O {[%clk 01:30:28]} {[%emt 00:00:43]} 8. O-O {[%clk
01:33:03]} {[%emt 00:00:06]} Re8 {[%clk 01:30:13]} {[%emt 00:00:45]} 9. Ne5
{[%clk 01:26:52]} {[%emt 00:06:42]} Qc7 {[%clk 01:26:11]} {[%emt 00:04:31]} 10.
f4 {[%clk 01:25:15]} Ne4 {[%clk 01:20:42]} {[%emt 00:08:07]} 11. Nc3 {[%clk
01:20:10]} f5 {[%clk 01:16:43]} {[%emt 00:10:04]} 12. Rc1 {[%clk 01:01:49]}
Ndf6 {[%clk 01:10:22]} {[%emt 00:25:42]} 13. Qc2 {[%clk 00:51:04]} Qe7 {[%clk
00:51:58]} {[%emt 00:30:09]} 14. Qe2 {[%clk 00:43:50]} Bd7 {[%clk 00:48:25]}
{[%emt 00:11:46]} 15. Nxe4 {[%clk 00:32:35]} dxe4 {[%clk 00:41:51]} {[%emt
00:18:50]} 16. Bc2 {[%clk 00:32:10]} Red8 {[%clk 00:39:27]} {[%emt 00:03:48]}
17. Bc3 {[%clk 00:27:03]} Be8 {[%clk 00:35:02]} {[%emt 00:10:32]} 18. Qe1
{[%clk 00:24:53]} b6 {[%clk 00:29:55]} {[%emt 00:08:19]} 19. h3 {[%clk
00:22:33]} Rac8 {[%clk 00:23:37]} {[%emt 00:09:37]} 20. g4 {[%clk 00:15:12]}
Nd7 {[%clk 00:21:35]} {[%emt 00:10:24]} 21. Qg3 {[%clk 00:14:06]} Bb4 {[%clk
00:16:54]} {[%emt 00:06:46]} 22. Ba1 {[%clk 00:12:48]} Nxe5 {[%clk 00:15:47]}
{[%emt 00:03:27]} 23. fxe5 {[%emt 00:00:39]} Qg5 {[%clk 00:15:14]} {[%emt
00:00:34]} 24. Rcd1 {[%clk 00:11:26]} {[%emt 00:02:10]} Bg6 {[%clk 00:14:22]}
{[%emt 00:01:22]} 25. Kh2 {[%clk 00:07:20]} {[%emt 00:04:37]} Be7 {[%clk
00:13:22]} {[%emt 00:01:30]} 26. Bc3 {[%clk 00:05:09]} {[%emt 00:02:41]} Qh6
{[%clk 00:10:14]} {[%emt 00:03:38]} 27. Be1 {[%clk 00:02:50]} {[%emt 00:02:49]}
fxg4 {[%emt 00:00:56]} 28. Qxg4 {[%clk 00:02:10]} {[%emt 00:00:11]} Bf5 29.
Rxf5 {[%emt 00:01:11]} exf5 {[%clk 00:10:45]} {[%emt 00:00:21]} 30. Qxf5 {[%emt
00:00:09]} Qxe3 {[%clk 00:06:08]} {[%emt 00:05:00]} 31. Qxe4 {[%clk 00:02:07]}
{[%emt 00:01:01]} Qxe4 {[%clk 00:06:08]} {[%emt 00:00:30]} 32. Bxe4 {[%clk
00:02:36]} {[%emt 00:00:01]} Bg5 {[%clk 00:05:44]} {[%emt 00:00:52]} 33. Bg3
{[%clk 00:02:12]} {[%emt 00:00:56]} Be3 {[%clk 00:04:50]} {[%emt 00:01:23]} 34.
Bf5 {[%clk 00:01:19]} {[%emt 00:01:24]} Rc7 {[%clk 00:04:10]} {[%emt 00:01:10]}
35. e6 {[%clk 00:01:04]} {[%emt 00:00:45]} Rb7 {[%clk 00:02:16]} {[%emt
00:02:25]} 36. d5 {[%clk 00:01:18]} {[%emt 00:00:15]} g6 {[%clk 00:02:15]}
{[%emt 00:00:30]} 37. Bg4 {[%clk 00:00:39]} {[%emt 00:01:08]} h5 {[%clk
00:02:21]} {[%emt 00:00:25]} 38. dxc6 {[%clk 00:00:38]} {[%emt 00:00:31]} Rxd1
{[%clk 00:01:56]} {[%emt 00:00:56]} 39. cxb7 {[%clk 00:00:46]} {[%emt
00:00:21]} Rd2+ {[%clk 00:01:23]} {[%emt 00:01:03]} 40. Kh1 {[%clk 00:01:09]}
{[%emt 00:00:06]} Rd8 {[%clk 00:00:38]} {[%emt 00:01:16]} 41. Bf3 {[%clk
00:01:19]} {[%emt 00:00:20]} 1-0

[Event "DVM U20 2023"]
[Site "Magdeburg GER"]
[Date "2023.12.28"]
[Round "3"]
[White "Melitzki, Richard"]
[Black "Gluma, Christian"]
[Result "1-0"]
[Termination "normal"]
[Board "2.4"]
[WhiteElo "1819"]
[BlackElo "2245"]
[WhiteClock "00:03:11"]
[BlackClock "00:01:14"]
[WhiteTeam "SK König Plauen"]
[BlackTeam "SG Porz"]
[PlyCount "81"]
[WhiteFideId "16223420"]
[BlackFideId "16223209"]
[EventCountry "GER"]
[EventRounds "7"]
[EventType "team-swiss"]
[EventDate "2023.12.26"]

1. e4 {[%clk 01:30:57]} {[%emt 00:00:04]} g6 {[%clk 01:30:48]} {[%emt
00:00:12]} 2. d4 {[%clk 01:31:22]} {[%emt 00:00:05]} Bg7 {[%clk 01:31:14]}
{[%emt 00:00:03]} 3. Nc3 {[%clk 01:30:15]} {[%emt 00:01:37]} c6 {[%clk
01:31:39]} {[%emt 00:00:06]} 4. Nf3 {[%clk 01:27:18]} {[%emt 00:03:28]} d5
{[%emt 00:00:08]} 5. exd5 {[%clk 01:27:00]} {[%emt 00:00:45]} cxd5 {[%clk
01:32:25]} {[%emt 00:00:07]} 6. Be3 {[%clk 01:26:39]} {[%emt 00:00:52]} Nc6
{[%clk 01:31:13]} {[%emt 00:01:42]} 7. h3 {[%clk 01:21:58]} {[%emt 00:05:11]}
Nf6 {[%clk 01:30:00]} {[%emt 00:01:43]} 8. Be2 {[%clk 01:19:44]} {[%emt
00:02:44]} O-O {[%clk 01:29:09]} {[%emt 00:01:21]} 9. O-O {[%clk 01:20:07]}
{[%emt 00:00:07]} a6 {[%clk 01:26:48]} {[%emt 00:02:50]} 10. Na4 {[%clk
01:12:28]} {[%emt 00:08:09]} b6 {[%clk 01:09:04]} {[%emt 00:18:14]} 11. c3
{[%clk 01:00:01]} {[%emt 00:12:57]} Bd7 {[%clk 01:00:33]} {[%emt 00:09:01]} 12.
Ne5 {[%clk 00:51:55]} {[%emt 00:08:36]} e6 {[%clk 00:42:09]} {[%emt 00:18:55]}
13. Bg5 {[%clk 00:46:18]} {[%emt 00:06:06]} Be8 {[%clk 00:40:13]} {[%emt
00:02:27]} 14. Qb3 {[%clk 00:37:49]} {[%emt 00:08:58]} Na5 {[%clk 00:34:46]}
{[%emt 00:05:57]} 15. Qb4 {[%clk 00:27:18]} {[%emt 00:11:02]} Bxa4 {[%clk
00:34:31]} {[%emt 00:00:45]} 16. Qxa4 {[%clk 00:27:40]} {[%emt 00:00:08]} b5
{[%clk 00:34:01]} {[%emt 00:00:59]} 17. Qd1 {[%clk 00:26:33]} {[%emt 00:01:36]}
Qc7 {[%clk 00:31:16]} {[%emt 00:03:15]} 18. Bf4 {[%clk 00:24:47]} {[%emt
00:02:18]} Qb7 {[%clk 00:30:23]} {[%emt 00:01:21]} 19. Nd3 {[%clk 00:23:36]}
{[%emt 00:01:42]} Nd7 {[%clk 00:29:45]} {[%emt 00:01:08]} 20. a4 {[%clk
00:22:02]} {[%emt 00:02:05]} Nc6 {[%clk 00:24:30]} {[%emt 00:05:45]} 21. axb5
{[%clk 00:18:16]} {[%emt 00:04:16]} axb5 {[%clk 00:24:44]} {[%emt 00:00:17]}
22. Qb3 {[%clk 00:18:04]} {[%emt 00:00:41]} Rfc8 {[%clk 00:17:41]} {[%emt
00:07:33]} 23. Nb4 {[%clk 00:15:08]} {[%emt 00:03:26]} Na5 {[%clk 00:16:56]}
{[%emt 00:01:14]} 24. Qd1 {[%clk 00:15:30]} {[%emt 00:00:09]} Nc4 {[%clk
00:15:16]} {[%emt 00:02:11]} 25. Rxa8 {[%clk 00:10:51]} {[%emt 00:05:09]} Rxa8
{[%clk 00:15:05]} {[%emt 00:00:42]} 26. b3 {[%clk 00:11:14]} {[%emt 00:00:07]}
Na5 {[%clk 00:14:25]} {[%emt 00:01:09]} 27. Qc2 {[%clk 00:10:47]} {[%emt
00:00:58]} Rc8 {[%clk 00:12:21]} {[%emt 00:02:34]} 28. Ra1 {[%clk 00:09:53]}
{[%emt 00:01:24]} Nc6 {[%clk 00:11:47]} {[%emt 00:01:03]} 29. Qd3 {[%clk
00:08:34]} {[%emt 00:01:49]} Nc5 {[%clk 00:03:52]} {[%emt 00:08:25]} 30. Qxb5
{[%clk 00:04:11]} {[%emt 00:04:53]} Qxb5 {[%clk 00:03:03]} {[%emt 00:01:18]}
31. Bxb5 {[%clk 00:04:35]} {[%emt 00:00:07]} Nxb4 {[%clk 00:02:25]} {[%emt
00:01:09]} 32. dxc5 {[%clk 00:03:28]} {[%emt 00:01:36]} Bxc3 {[%clk 00:02:39]}
{[%emt 00:00:16]} 33. Ra7 {[%clk 00:02:28]} {[%emt 00:01:31]} Nc6 {[%clk
00:01:22]} {[%emt 00:01:47]} 34. Bxc6 {[%clk 00:02:12]} {[%emt 00:00:45]} Rxc6
{[%clk 00:01:46]} {[%emt 00:00:06]} 35. Bh6 {[%clk 00:02:36]} {[%emt 00:00:08]}
Rc8 {[%clk 00:01:39]} {[%emt 00:00:36]} 36. c6 {[%clk 00:02:43]} {[%emt
00:00:23]} Bd4 {[%clk 00:00:37]} {[%emt 00:01:33]} 37. Rd7 {[%clk 00:02:34]}
{[%emt 00:00:35]} Bg7 {[%clk 00:00:37]} {[%emt 00:00:35]} 38. c7 {[%clk
00:02:28]} {[%emt 00:00:34]} Bf6 {[%clk 00:00:41]} {[%emt 00:00:26]} 39. b4
{[%clk 00:02:38]} {[%emt 00:00:21]} d4 {[%clk 00:00:58]} {[%emt 00:00:12]} 40.
b5 {[%clk 00:03:01]} {[%emt 00:00:07]} d3 {[%clk 00:01:14]} {[%emt 00:00:14]}
41. b6 {[%clk 00:03:11]} {[%emt 00:00:20]} 1-0